|
|
|
|
| LEADER |
01843nam a2200445 a 4500 |
| 001 |
EBC692392 |
| 003 |
MiAaPQ |
| 005 |
20200520144314.0 |
| 006 |
m o d | |
| 007 |
cr cn||||||||| |
| 008 |
100924s2011 enkad sb 001 0 eng d |
| 010 |
|
|
|z 2010040854
|
| 020 |
|
|
|z 9780415593120 (hb : alk. paper)
|
| 020 |
|
|
|z 020382802X (master e-book)
|
| 020 |
|
|
|a 9780203828021 (electronic bk.)
|
| 035 |
|
|
|a (MiAaPQ)EBC692392
|
| 035 |
|
|
|a (Au-PeEL)EBL692392
|
| 035 |
|
|
|a (CaPaEBR)ebr10477495
|
| 035 |
|
|
|a (CaONFJC)MIL315133
|
| 035 |
|
|
|a (OCoLC)730151728
|
| 040 |
|
|
|a MiAaPQ
|c MiAaPQ
|d MiAaPQ
|
| 050 |
|
4 |
|a HF1379
|b .K55 2011
|
| 082 |
0 |
4 |
|a 382.01
|2 22
|
| 100 |
1 |
|
|a Kikuchi, Toru,
|d 1968-
|
| 245 |
1 |
0 |
|a Time zones, communications networks, and international trade
|h [electronic resource] /
|c Toru Kikuchi.
|
| 260 |
|
|
|a Abingdon [England] ;
|a New York :
|b Routledge,
|c 2011.
|
| 300 |
|
|
|a xiv, 217 p. :
|b ill.
|
| 490 |
1 |
|
|a Routledge studies in the modern world economy ;
|v 90
|
| 504 |
|
|
|a Includes bibliographical references and index.
|
| 505 |
0 |
|
|a pt. 1. Preliminaries -- pt. 2. Communications networks and time zones -- pt. 3. Network effects and switching costs -- pt. 4. Cost heterogeneity and trade.
|
| 533 |
|
|
|a Electronic reproduction. Ann Arbor, MI : ProQuest, 2015. Available via World Wide Web. Access may be limited to ProQuest affiliated libraries.
|
| 650 |
|
0 |
|a Communication in international trade.
|
| 650 |
|
0 |
|a Time and economic reactions.
|
| 650 |
|
0 |
|a International trade.
|
| 650 |
|
0 |
|a Business logistics.
|
| 650 |
|
0 |
|a Business enterprises
|x Communication systems.
|
| 655 |
|
4 |
|a Electronic books.
|
| 710 |
2 |
|
|a ProQuest (Firm)
|
| 830 |
|
0 |
|a Routledge studies in the modern world economy ;
|v 90.
|
| 856 |
4 |
0 |
|u https://ebookcentral.proquest.com/lib/matrademy/detail.action?docID=692392
|z Click to View
|